000 00523nam a2200181 i 4500
001 93194
003 ES-MaACL
005 20230906181138.0
007 t|
008 050408s1977 sp ||||1| spa d
100 1 _aLombardo-Radice, Lucio.
_973195
245 1 3 _aEl acusado Kafka /
_cLucio Lombardo Radice; traducción de Jacinto Zulueta.
250 _a[1ª ed. ].
260 _aBarcelona :
_bIcaria,
_c1977.
300 _a110 p. ;
_c17 cm.
700 1 _aZulueta, Jacinto.
_9118475
852 _aES-MaACL
_jA-7282
_bR.95634
999 _c93194
_d93194